000 01354nam a2200385 a 4500
001 000014986
003 DO-SdBNP
005 20241130074013.0
006 a||||gr|||| 00| 0
007 ta
008 100128t2006 dr ac 001 m spa d
020 _z9994540539X
040 _aDO-SdBNP
_bspa
_cBNPHU
_erda
082 4 _aRD862.44
_bP438p
_222
100 1 _aPérez, Odalís
_d1952-
_923828
245 1 0 _aPapeles prohibidos ; Antes del apocalipsis. /
_cOdalís G. Pérez.
246 1 3 _aAntes del apocalipsis.
246 1 4 _aPapeles prohibidos :
_bteatro
246 1 4 _aAntes del apocalipsis
264 4 _aSanto Domingo :
_bManatí,
_c2006
300 _a107 páginas :
_bIlustraciones, retratos ;
_c21 cm.
336 _2rdacontent
_atexto
_btxt
337 _2rdamedia
_asinmediación
_bn
338 _2rdacarrier
_avolumen
_bnc
500 _aIncluye datos biográficos del autor en la contracubierta.
505 _aPapeles Prohibidos. /
_gpágina 11
505 _aAntes del Apocalipsis. /
_gpágina 63
563 _aDos obras con paginación continua.
590 _aInventariado 2023 / MF
600 1 0 _aPérez, Odalís
_d1952-
_tPapeles Prohibidos.
_xTeatro
_923828
600 1 0 _aPérez, Odalís G.,
_d1952-
_tAntes del Apocalipsis.
_xTeatro
_984081
650 0 _aTeatro dominicano
_9637
650 0 _aLiteratura dominicana.
_967
942 _2ddc
_cLBS1
999 _c14559
_d14559